The Complete Home Entertainer / (Record no. 186873)
[ view plain ]
| 000 -LEADER | |
|---|---|
| fixed length control field | 01179 a2200169 4500 |
| 003 - CONTROL NUMBER IDENTIFIER | |
| control field | Nust |
| 005 - DATE AND TIME OF LATEST TRANSACTION | |
| control field | 20230120100830.0 |
| 040 ## - CATALOGING SOURCE | |
| Transcribing agency | Nust |
| 082 ## - DEWEY DECIMAL CLASSIFICATION NUMBER | |
| Classification number | 808.83,BEN |
| 100 ## - MAIN ENTRY--PERSONAL NAME | |
| Personal name | Bentley , Nicolas |
| 9 (RLIN) | 107204 |
| 245 ## - TITLE STATEMENT | |
| Title | The Complete Home Entertainer / |
| Statement of responsibility, etc. | Nicolas Bentley |
| 260 ## - PUBLICATION, DISTRIBUTION, ETC. | |
| Place of publication, distribution, etc. | London |
| Name of publisher, distributor, etc. | Odhams |
| 300 ## - PHYSICAL DESCRIPTION | |
| Extent | 512:p |
| 505 ## - FORMATTED CONTENTS NOTE | |
| Formatted contents note | Getting Together (Page-5), Action Games (Page-12), Word Games for the fireside (Page-41), Games with Pencil and Paper (Page-65), Party Stunts and Jokes (Page-85), Word Puzzles (Page-95), One-minute teasers (Page-109), Fun with Intelligence Tes (Page-116), Potted Personalities (Page-127), Character Quizzes (Page-137), The Amateur Detectives Casebook (Page-145), Brain Twisters and Torturers (Page-189), Family Craft or Things to Make (Page-207), Songs for Home and Party (Page-225), Simple Conjuring (Page-249), Card Wizardry (Page-265), Scientific Magic (Page-278), Fun with Matches String and Coins (Page-287), Card Games and How to Play Them (Page-295), Board and Table Games (Page-379), Picnic and Garden Games (Page-407), The Children Fun Book (Page-423), Solutions and Answers (Page-469). |
| 650 ## - SUBJECT ADDED ENTRY--TOPICAL TERM | |
| Topical term or geographic name entry element | Novel |
| 9 (RLIN) | 2525 |
| 942 ## - ADDED ENTRY ELEMENTS (KOHA) | |
| Source of classification or shelving scheme | |
| Koha item type | Book |
| Withdrawn status | Lost status | Source of classification or shelving scheme | Damaged status | Not for loan | Permanent Location | Current Location | Shelving location | Date acquired | Shelving control number | Full call number | Barcode | Date last seen | Price effective from | Koha item type | Public note |
|---|---|---|---|---|---|---|---|---|---|---|---|---|---|---|---|
| Military College of Signals (MCS) | Military College of Signals (MCS) | General Stacks | 12/12/2016 | English Literature | 808.83,BEN | MCS29860 | 12/08/2016 | 12/12/2016 | Book | Almirah No.56, Shelf No.4 |
